| 000 | 00406nam a2200157Ia 4500 | ||
|---|---|---|---|
| 999 |
_c53679 _d53679 |
||
| 003 | 0100 | ||
| 005 | 20171017120826.0 | ||
| 008 | 130303s9999 xx 000 0 und d | ||
| 040 | _cARRUPELIB | ||
| 050 | _aB765.T54D584 1953 | ||
| 100 |
_aCajetan, Thomas de vio, _937166 |
||
| 245 | 4 | _aThe analogy of names and the concept of being | |
| 260 | _aPittsburgh, Pennsylvania | ||
| 260 | _bDuquesne UP | ||
| 300 | _a93p. : 24cm | ||
| 650 |
_aAnalogy _xEarly works _937167 |
||
| 942 |
_2lcc _cMONOGRAPH |
||